000 00420nam a2200145Ia 4500
008 231129s2010||||xx |||||||||||||| ||spa||
020 _a978-958-710-586-5
040 _bspa
082 _aCo861 S211p
100 _aSánchez Marí­a Clemencia
245 0 _aParaí­so precario
260 _c2010
264 _aBogotá Colombia : Universidad Externado de Colombia
942 _2ddc
_cBKS
999 _c22427
_d22427